000 00660nam a2200205Ia 4500
005 20250923145836.0
008 008 250917s9999 xx 000 0 eng d
037 _aTextual
040 _aDSWL
_beng
_cDSWL
041 _aeng
_2eng
084 _aY150adX8(J):322.225, N89
_qDSWL
100 _aKannabiran, L.K.V.
_9839490
245 0 _aWe were making history : Life stories of women in the telangra people's struggle
_c by L.K.V. Kannabiran
260 _aNew Delhi
_bKolifor Women
_c1989
300 _avii,290p.
365 _aINR
_b90.00
925 _g90.00
942 _cTEXL
_hY150adX8(J):322.225, N89
999 _c1456369
_d1456369